000 00563nam a2200205Ia 4500
005 20250508160542.0
008 008 250505s9999 xx 000 0 eng d
020 _a0-415-0253-X
037 _aReference
040 _aFEDL
_beng
_cFEDL
041 _aeng
_2eng
084 _a371, SKI
_qFEDL
100 _aSkinner B F
245 0 _aTeachnology of teaching
260 _aNew York, USA
_bAppleton- Century- Crofts
_c1968
300 _aviii,271p
490 _aThe century psychology series
942 _cREF
_h371, SKI
999 _c1365305
_d1365305